[Event "Hampshire Open"]
[Site "Eastleigh"]
[Date "2015.11.06"]
[Round "1"]
[White "Stimpson, Philip M"]
[Black "Corkett, Anthony R"]
[Result "0-1"]
[WhiteElo "1984"]
[BlackElo "2320"]
[PlyCount "54"]
[EventDate "2015.11.06"]
[EventType "swiss"]
[EventRounds "6"]
[EventCountry "ENG"]
[SourceTitle "BritBase"]
[Source "John Saunders"]
[SourceDate "2015.11.12"]
[SourceVersion "1"]
[SourceVersionDate "2015.11.12"]
[SourceQuality "1"]

1. e4 c5 2. Nc3 Nc6 3. f4 e6 4. Bb5 Qc7 5. d3 Nd4 6. Nf3 a6 7. Bc4 Ne7 8. Nxd4 cxd4 9. Ne2 Nc6 10. O-O h5 11. f5 Na5 12. fxe6 dxe6 13. Bf4 Qc5 14. Bb3 Nxb3 15. cxb3 e5 16. Rc1 Qd6 17. Bd2 h4 18. Qe1 Be6 19. Qf2 Be7 20. Nf4 exf4 21. Bxf4 Qd8 22. Bc7 Qd7 23. Be5 Bg5 24. Bxd4 Bxc1 25. Bxg7 Rg8 26. Rxc1 Rxg7 27. Qf6 Rg8 0-1

[Event "Hampshire Open"]
[Site "Eastleigh"]
[Date "2015.11.06"]
[Round "1"]
[White "Brown, Rowan M"]
[Black "Bogdan, Horia"]
[Result "1-0"]
[WhiteElo "2296"]
[BlackElo "1976"]
[PlyCount "48"]
[EventDate "2015.11.06"]
[EventType "swiss"]
[EventRounds "6"]
[EventCountry "ENG"]
[SourceTitle "BritBase"]
[Source "John Saunders"]
[SourceDate "2015.11.12"]
[SourceVersion "1"]
[SourceVersionDate "2015.11.12"]
[SourceQuality "1"]

1. e4 e5 2. Nf3 Nc6 3. d4 exd4 4. Nxd4 Nf6 5. Nxc6 bxc6 6. e5 Qe7 7. Qe2 Nd5 8. c4 Nb6 9. Nc3 Qe6 10. Qe4 a5 11. Bd3 Ba6 12. b3 g6 13. O-O Bg7 14. f4 O-O 15. Bb2 a4 16. Rae1 Rfe8 17. Kh1 Qe7 18. f5 a3 19. Ba1 Qxe5 20. Qh4 Qd4 21. fxg6 hxg6 22. Ne4 Rxe4 23. Bxe4 Qd2 24. Bxg7 Kxg7 1-0

[Event "Hampshire Open"]
[Site "Eastleigh"]
[Date "2015.11.06"]
[Round "1"]
[White "Butcher, Doug"]
[Black "Pye, David E"]
[Result "1/2-1/2"]
[WhiteElo "1928"]
[BlackElo "2264"]
[PlyCount "54"]
[EventDate "2015.11.06"]
[EventType "swiss"]
[EventRounds "6"]
[EventCountry "ENG"]
[SourceTitle "BritBase"]
[Source "John Saunders"]
[SourceDate "2015.11.12"]
[SourceVersion "1"]
[SourceVersionDate "2015.11.12"]
[SourceQuality "1"]

1. b3 d5 2. Bb2 Bg4 3. h3 Bh5 4. Nf3 e6 5. e3 Nf6 6. Be2 c6 7. O-O Bxf3 8. Bxf3 Nbd7 9. d3 Qc7 10. Nd2 Be7 11. Qe1 O-O 12. Be2 Rad8 13. f4 Bc5 14. Qg3 Qa5 15. Nb1 Qb6 16. d4 Be7 17. Nd2 Qa5 18. c3 Ba3 19. Bxa3 Qxa3 20. Qe1 Rc8 21. Qc1 Qxc1 22. Rfxc1 Ne4 23. Nxe4 dxe4 24. c4 c5 25. Rd1 Rfd8 26. Rd2 f5 27. Rad1 Re8 1/2-1/2

[Event "Hampshire Open"]
[Site "Eastleigh"]
[Date "2015.11.06"]
[Round "1"]
[White "Lock, Gavin R"]
[Black "Bird, Tom"]
[Result "1-0"]
[WhiteElo "2208"]
[BlackElo "1928"]
[PlyCount "51"]
[EventDate "2015.11.06"]
[EventType "swiss"]
[EventRounds "6"]
[EventCountry "ENG"]
[SourceTitle "BritBase"]
[Source "John Saunders"]
[SourceDate "2015.11.12"]
[SourceVersion "1"]
[SourceVersionDate "2015.11.12"]
[SourceQuality "1"]

1. d4 Nf6 2. Bg5 d5 3. e3 e6 4. Nd2 Be7 5. Ngf3 O-O 6. Bd3 h6 7. Bf4 c5 8. c3 b6 9. Ne5 Bb7 10. Qf3 Nbd7 11. h4 Nxe5 12. dxe5 Nd7 13. Qg4 Kh8 14. Nf3 Qe8 15. h5 c4 16. Bc2 Nc5 17. Rh3 Rc8 18. Bxh6 Rg8 19. Bf4 Nd3+ 20. Bxd3 cxd3 21. h6 g6 22. h7 Rf8 23. Bg5 Rc4 24. Qg3 Qb5 25. Bxe7 Qxb2 26. Bf6# 1-0

[Event "Hampshire Open"]
[Site "Eastleigh"]
[Date "2015.11.06"]
[Round "1"]
[White "Chapman, Matt"]
[Black "Hackman, Paul"]
[Result "1/2-1/2"]
[WhiteElo "1896"]
[BlackElo "2168"]
[PlyCount "44"]
[EventDate "2015.11.06"]
[EventType "swiss"]
[EventRounds "6"]
[EventCountry "ENG"]
[SourceTitle "BritBase"]
[Source "John Saunders"]
[SourceDate "2015.11.12"]
[SourceVersion "1"]
[SourceVersionDate "2015.11.12"]
[SourceQuality "1"]

1. e4 c5 2. Nf3 e6 3. d4 cxd4 4. Nxd4 Nc6 5. Nc3 Qc7 6. Be3 a6 7. Qd2 Nf6 8. f3 Bb4 9. Bc4 Ne5 10. Bb3 O-O 11. O-O-O Nc4 12. Bxc4 Qxc4 13. Qd3 Qc7 14. Nde2 b5 15. Qd4 Bxc3 16. Qxc3 Qxc3 17. Nxc3 d5 18. exd5 b4 19. Ne4 Nxd5 20. Bc5 Rd8 21. Bxb4 Bd7 22. Ba5 Rdc8 1/2-1/2

[Event "Hampshire Open"]
[Site "Eastleigh"]
[Date "2015.11.06"]
[Round "1"]
[White "Fowler, David"]
[Black "Heath, David R"]
[Result "1/2-1/2"]
[WhiteElo "2008"]
[BlackElo "1896"]
[PlyCount "48"]
[EventDate "2015.11.06"]
[EventType "swiss"]
[EventRounds "6"]
[EventCountry "ENG"]
[SourceTitle "BritBase"]
[Source "John Saunders"]
[SourceDate "2015.11.12"]
[SourceVersion "1"]
[SourceVersionDate "2015.11.12"]
[SourceQuality "1"]

1. d4 Nf6 2. c4 e6 3. Nc3 Bb4 4. e3 c5 5. Nge2 O-O 6. a3 Bxc3+ 7. Nxc3 d6 8. Be2 Qe7 9. O-O Nc6 10. f4 cxd4 11. exd4 d5 12. Qd3 dxc4 13. Qxc4 Rd8 14. Rd1 Na5 15. Qa4 Nc6 16. Bf3 Nd5 17. Nxd5 exd5 18. Qb5 a6 19. Qd3 Qf6 20. Be3 Bf5 21. Qd2 Qe6 22. Re1 Be4 23. Bf2 f5 24. Bh4 Re8 1/2-1/2

[Event "Hampshire Open"]
[Site "Eastleigh"]
[Date "2015.11.07"]
[Round "2"]
[White "Brown, Rowan M"]
[Black "Lock, Gavin R"]
[Result "1-0"]
[WhiteElo "2296"]
[BlackElo "2208"]
[PlyCount "79"]
[EventDate "2015.11.06"]
[EventType "swiss"]
[EventRounds "6"]
[EventCountry "ENG"]
[SourceTitle "BritBase"]
[Source "John Saunders"]
[SourceDate "2015.11.12"]
[SourceVersion "1"]
[SourceVersionDate "2015.11.12"]
[SourceQuality "1"]

1. e4 e6 2. d4 d5 3. e5 c5 4. c3 Qb6 5. Nf3 Nc6 6. a3 Nh6 7. b4 cxd4 8. cxd4 Nf5 9. Be3 f6 10. exf6 gxf6 11. Bd3 Nxe3 12. fxe3 Bd7 13. O-O Bh6 14. Qe2 O-O-O 15. Nc3 Ne7 16. e4 Kb8 17. Kh1 Rc8 18. Qe1 Ka8 19. exd5 Nxd5 20. Nxd5 exd5 21. Qh4 Be3 22. Rae1 Rhe8 23. Qxh7 Bg4 24. Bf5 Rh8 25. Qd7 Rcd8 26. Qe6 Rd6 27. Qxe3 Bxf5 28. Ng5 Bg6 29. Ne6 Re8 30. Qg3 Be4 31. Nc5 f5 32. Rxf5 Rg6 33. Rg5 Reg8 34. Nxe4 dxe4 35. Rxg6 Rxg6 36. Rxe4 Qc6 37. Qe3 Rg8 38. d5 Qg6 39. g3 a6 40. h4 1-0

[Event "Hampshire Open"]
[Site "Eastleigh"]
[Date "2015.11.07"]
[Round "2"]
[White "Pye, David E"]
[Black "Tambini, Jasper"]
[Result "1/2-1/2"]
[WhiteElo "2264"]
[BlackElo "2120"]
[PlyCount "71"]
[EventDate "2015.11.06"]
[EventType "swiss"]
[EventRounds "6"]
[EventCountry "ENG"]
[SourceTitle "BritBase"]
[Source "John Saunders"]
[SourceDate "2015.11.12"]
[SourceVersion "1"]
[SourceVersionDate "2015.11.12"]
[SourceQuality "1"]

1. e4 Nc6 2. d4 e5 3. d5 Nce7 4. c4 Ng6 5. Be3 Nf6 6. Nc3 d6 7. f3 Be7 8. Qd2 c5 9. Bd3 O-O 10. Nge2 h6 11. g3 Bh3 12. Rg1 Bd7 13. O-O-O a6 14. Kb1 Qa5 15. Nc1 b5 16. N3e2 Qb6 17. h4 Rfb8 18. Rh1 a5 19. h5 Nf8 20. Nc3 bxc4 21. Bxc4 a4 22. a3 Bd8 23. Nd3 Qb7 24. Ka1 Ba5 25. Qc2 Bxc3 26. Qxc3 Bb5 27. Ba2 Ra6 28. Bc1 N8h7 29. g4 Ng5 30. Bxg5 hxg5 31. Ne1 Kh7 32. Rh2 Ng8 33. Qd2 f6 34. Ng2 Nh6 35. Ne3 Qc7 36. Rc1 1/2-1/2

[Event "Hampshire Open"]
[Site "Eastleigh"]
[Date "2015.11.07"]
[Round "2"]
[White "Hackman, Paul"]
[Black "Fowler, David"]
[Result "1-0"]
[WhiteElo "2168"]
[BlackElo "2008"]
[PlyCount "73"]
[EventDate "2015.11.06"]
[EventType "swiss"]
[EventRounds "6"]
[EventCountry "ENG"]
[SourceTitle "BritBase"]
[Source "John Saunders"]
[SourceDate "2015.11.12"]
[SourceVersion "1"]
[SourceVersionDate "2015.11.12"]
[SourceQuality "1"]

1. e4 c6 2. d4 d5 3. e5 Bf5 4. Nf3 e6 5. Be2 Nd7 6. O-O Bg6 7. c4 Nh6 8. Nc3 Nf5 9. Bd2 Be7 10. g4 Nh4 11. Nxh4 Bxh4 12. f4 f6 13. cxd5 cxd5 14. Qb3 Qb6 15. Qxb6 Nxb6 16. Nb5 O-O 17. Nc7 Rac8 18. Nxe6 Rfe8 19. Nc5 fxe5 20. fxe5 Nc4 21. Bxc4 dxc4 22. Nxb7 Rb8 23. Nd6 Rxb2 24. Bc3 Rc2 25. Rac1 Rxc1 26. Rxc1 Bg5 27. Nxe8 Bxc1 28. Nd6 Be3+ 29. Kg2 Bd3 30. e6 Bg5 31. Kf3 Kf8 32. d5 Be7 33. Ne4 Ba3 34. Bd4 Bxe4+ 35. Kxe4 a6 36. Bc3 Bc5 37. Be5 1-0

[Event "Hampshire Open"]
[Site "Eastleigh"]
[Date "2015.11.07"]
[Round "2"]
[White "Heath, David R"]
[Black "Butcher, Doug"]
[Result "0-1"]
[WhiteElo "1896"]
[BlackElo "1928"]
[PlyCount "30"]
[EventDate "2015.11.06"]
[EventType "swiss"]
[EventRounds "6"]
[EventCountry "ENG"]
[SourceTitle "BritBase"]
[Source "John Saunders"]
[SourceDate "2015.11.12"]
[SourceVersion "1"]
[SourceVersionDate "2015.11.12"]
[SourceQuality "1"]

1. d4 b6 2. Nf3 Bb7 3. e3 e6 4. Bd3 f5 5. c4 Nf6 6. Nc3 Bb4 7. O-O Bxc3 8. bxc3 O-O 9. Qc2 d6 10. Ng5 Qe8 11. d5 exd5 12. Bxf5 g6 13. Bh3 dxc4 14. Be6+ Kh8 15. Bxc4 Qc6 0-1

[Event "Hampshire Open"]
[Site "Eastleigh"]
[Date "2015.11.07"]
[Round "2"]
[White "Bogdan, Horia"]
[Black "Chapman, Matt"]
[Result "1/2-1/2"]
[WhiteElo "1976"]
[BlackElo "1896"]
[PlyCount "137"]
[EventDate "2015.11.06"]
[EventType "swiss"]
[EventRounds "6"]
[EventCountry "ENG"]
[SourceTitle "BritBase"]
[Source "John Saunders"]
[SourceDate "2015.11.12"]
[SourceVersion "1"]
[SourceVersionDate "2015.11.12"]
[SourceQuality "1"]

1. d4 d5 2. c4 c6 3. Nf3 Nf6 4. e3 Bf5 5. Nc3 e6 6. Be2 Nbd7 7. Nh4 Bg6 8. O-O Be7 9. Bd2 O-O 10. Nxg6 hxg6 11. Qc2 e5 12. cxd5 exd4 13. exd4 Nxd5 14. Nxd5 cxd5 15. Qb3 Nb6 16. Ba5 Bf6 17. Rfd1 Rc8 18. Qb5 Qd7 19. Qxd7 Nxd7 20. Bg4 b6 21. Bxd7 Rc7 22. Bb4 Rxd7 23. Bxf8 Kxf8 24. Rac1 Ke7 25. b3 Kd6 26. Kf1 Re7 27. Rc3 Re4 28. Rcd3 Kc6 29. g3 g5 30. f3 Re7 31. h3 Kd6 32. Rc3 Re8 33. Kg2 Re2+ 34. Kg1 Rxa2 35. Rcd3 Re2 36. R1d2 Re8 37. Ra2 a5 38. Ra4 Re1+ 39. Kf2 Rh1 40. b4 Rh2+ 41. Kg1 Rxh3 42. Kg2 Rh8 43. bxa5 bxa5 44. Rxa5 Rc8 45. Ra6+ Kd7 46. Ra7+ Ke6 47. Ra4 Rc4 48. Ra6+ Kd7 49. Ra7+ Ke6 50. Re3+ Kd6 51. Rxf7 Rxd4 52. Rb3 Rc4 53. Rbb7 Ke6 54. Rfc7 Rxc7 55. Rxc7 d4 56. g4 Kd5 57. Kf2 Kd6 58. Rc8 Kd5 59. Ke2 Ke5 60. Rc5+ Kd6 61. Rf5 Ke6 62. Kd3 Kd6 63. Ke4 Ke6 64. Rd5 Kf7 65. f4 gxf4 66. g5 Be7 67. Kxf4 Kg6 68. Kg4 d3 69. Rxd3 1/2-1/2

[Event "Hampshire Open"]
[Site "Eastleigh"]
[Date "2015.11.07"]
[Round "2"]
[White "Bird, Tom"]
[Black "Stimpson, Philip M"]
[Result "1/2-1/2"]
[WhiteElo "1928"]
[BlackElo "1984"]
[PlyCount "44"]
[EventDate "2015.11.06"]
[EventType "swiss"]
[EventRounds "6"]
[EventCountry "ENG"]
[SourceTitle "BritBase"]
[Source "John Saunders"]
[SourceDate "2015.11.12"]
[SourceVersion "1"]
[SourceVersionDate "2015.11.12"]
[SourceQuality "1"]

1. d4 Nf6 2. Nf3 d5 3. c4 c6 4. Nc3 e6 5. g3 Nbd7 6. Bg2 Bd6 7. O-O O-O 8. Qd3 b6 9. cxd5 cxd5 10. Bf4 Bxf4 11. gxf4 Nh5 12. e3 f5 13. Ng5 Ndf6 14. b4 Bd7 15. a4 Qe7 16. b5 Rfc8 17. Rfc1 Rc4 18. Nf3 Ne4 19. Ne5 Rxc3 20. Rxc3 Nxc3 21. Qxc3 Rc8 22. Qd2 Nf6 1/2-1/2

[Event "Hampshire Open"]
[Site "Eastleigh"]
[Date "2015.11.07"]
[Round "3"]
[White "Corkett, Anthony R"]
[Black "Brown, Rowan M"]
[Result "1/2-1/2"]
[WhiteElo "2320"]
[BlackElo "2296"]
[PlyCount "39"]
[EventDate "2015.11.06"]
[EventType "swiss"]
[EventRounds "6"]
[EventCountry "ENG"]
[SourceTitle "BritBase"]
[Source "John Saunders"]
[SourceDate "2015.11.12"]
[SourceVersion "1"]
[SourceVersionDate "2015.11.12"]
[SourceQuality "1"]

1. Nf3 Nf6 2. g3 g6 3. Bg2 Bg7 4. c4 O-O 5. O-O d6 6. Nc3 e5 7. d3 Nc6 8. a3 a5 9. Bg5 h6 10. Bd2 Re8 11. Ne1 Bg4 12. h3 Bf5 13. e4 Bd7 14. Nc2 a4 15. Nd5 Na5 16. Nxf6+ Qxf6 17. Bc3 Nb3 18. Rb1 Qg5 19. Kh2 h5 20. f4 1/2-1/2

[Event "Hampshire Open"]
[Site "Eastleigh"]
[Date "2015.11.07"]
[Round "3"]
[White "Tambini, Jasper"]
[Black "Hackman, Paul"]
[Result "1-0"]
[WhiteElo "2120"]
[BlackElo "2168"]
[PlyCount "71"]
[EventDate "2015.11.06"]
[EventType "swiss"]
[EventRounds "6"]
[EventCountry "ENG"]
[SourceTitle "BritBase"]
[Source "John Saunders"]
[SourceDate "2015.11.12"]
[SourceVersion "1"]
[SourceVersionDate "2015.11.12"]
[SourceQuality "1"]

1. e4 e6 2. d4 d5 3. e5 c5 4. c3 Nc6 5. Nf3 Bd7 6. Be2 f6 7. O-O Qc7 8. Bf4 O-O-O 9. Nbd2 h6 10. Bg3 f5 11. h4 Be8 12. dxc5 Bxc5 13. b4 Be7 14. Nb3 g5 15. Nfd4 Nxd4 16. Nxd4 Bf7 17. Bh5 Bf8 18. Nb5 Qd7 19. Bxf7 Qxf7 20. Nxa7+ Kb8 21. Nb5 f4 22. Qa4 b6 23. Bh2 Rh7 24. Nd4 Rc8 25. Nc6+ Kb7 26. Nd4 Ne7 27. Qd7+ Kb8 28. Qxe6 Qxe6 29. Nxe6 Ng6 30. hxg5 hxg5 31. Nxg5 Rh5 32. Nf3 Be7 33. Rfd1 Rch8 34. g4 Rh3 35. Kg2 Nxe5 36. Bxf4 1-0

[Event "Hampshire Open"]
[Site "Eastleigh"]
[Date "2015.11.07"]
[Round "3"]
[White "Butcher, Doug"]
[Black "Lock, Gavin R"]
[Result "1/2-1/2"]
[WhiteElo "1928"]
[BlackElo "2208"]
[PlyCount "127"]
[EventDate "2015.11.06"]
[EventType "swiss"]
[EventRounds "6"]
[EventCountry "ENG"]
[SourceTitle "BritBase"]
[Source "John Saunders"]
[SourceDate "2015.11.12"]
[SourceVersion "1"]
[SourceVersionDate "2015.11.12"]
[SourceQuality "1"]

1. b3 d5 2. Bb2 Bg4 3. h3 Bh5 4. Nf3 Bxf3 5. exf3 Nd7 6. f4 e6 7. Qf3 Ngf6 8. Be2 Bd6 9. Nc3 c6 10. g4 e5 11. g5 Ng8 12. fxe5 Nxe5 13. Qe3 Ne7 14. Nb5 cxb5 15. Bxe5 Bxe5 16. Bxb5+ Kf8 17. Qxe5 Ng6 18. Qe3 d4 19. Qe2 Qxg5 20. O-O-O Qf6 21. Rde1 Ne7 22. Qe5 Qxe5 23. Rxe5 a6 24. Bc4 Rd8 25. Rhe1 Rd7 26. b4 h5 27. b5 axb5 28. Bxb5 Rc7 29. Rd5 g6 30. Rxd4 Kg7 31. Rd7 Rxd7 32. Bxd7 Kf6 33. Re3 Rd8 34. Rf3+ Ke5 35. Ba4 Nf5 36. Rb3 Rd4 37. Rb5+ Kf6 38. Bb3 Nd6 39. Rd5 Rxd5 40. Bxd5 Ke5 41. Bb3 g5 42. Kd1 f6 43. Ke2 Nf5 44. c3 Nh4 45. d4+ Kd6 46. Bf7 Ng2 47. Kf3 Ne1+ 48. Ke4 h4 49. Kf5 Ke7 50. Bd5 Nd3 51. Bxb7 Nxf2 52. Bf3 Nxh3 53. a4 Ng1 54. Bh1 Ne2 55. a5 Nxc3 56. a6 Nb5 57. d5 Nd6+ 58. Kg6 Nc8 59. d6+ Kxd6 60. Kxf6 g4 61. Kg5 h3 62. Kxg4 h2 63. Kh3 Ke5 64. Kxh2 1/2-1/2

[Event "Hampshire Open"]
[Site "Eastleigh"]
[Date "2015.11.07"]
[Round "3"]
[White "Chapman, Matt"]
[Black "Pye, David E"]
[Result "0-1"]
[WhiteElo "1896"]
[BlackElo "2264"]
[PlyCount "90"]
[EventDate "2015.11.06"]
[EventType "swiss"]
[EventRounds "6"]
[EventCountry "ENG"]
[SourceTitle "BritBase"]
[Source "John Saunders"]
[SourceDate "2015.11.12"]
[SourceVersion "1"]
[SourceVersionDate "2015.11.12"]
[SourceQuality "1"]

1. e4 Nc6 2. Nf3 d6 3. d4 Nf6 4. Nc3 a6 5. Bg5 g6 6. Qd2 h6 7. Bxf6 exf6 8. O-O-O Bg7 9. Bc4 Bg4 10. Qf4 h5 11. Kb1 Bh6 12. Qg3 Ne7 13. h3 Bd7 14. Nd2 b5 15. Bb3 Qb8 16. Nd5 Nxd5 17. Bxd5 c6 18. Bb3 a5 19. a3 a4 20. Ba2 Kf8 21. Rhe1 Kg7 22. Qc3 Re8 23. Nf3 Qc8 24. Qb4 c5 25. dxc5 dxc5 26. Qc3 Be6 27. Bxe6 Rxe6 28. Rd5 Kh7 29. Rxc5 Qe8 30. Qd3 Rb8 31. Nd4 Re5 32. Rxe5 fxe5 33. Nf3 b4 34. axb4 Rxb4 35. Rd1 Qb8 36. Qc3 Rxe4 37. Re1 Rxe1+ 38. Qxe1 Bg7 39. Qe3 e4 40. Nd4 a3 41. Qb3 Qf4 42. c3 Bxd4 43. cxd4 Qxf2 44. bxa3 e3 45. Qc2 e2 0-1

[Event "Hampshire Open"]
[Site "Eastleigh"]
[Date "2015.11.07"]
[Round "3"]
[White "Fowler, David"]
[Black "Bird, Tom"]
[Result "1/2-1/2"]
[WhiteElo "2008"]
[BlackElo "1928"]
[PlyCount "78"]
[EventDate "2015.11.06"]
[EventType "swiss"]
[EventRounds "6"]
[EventCountry "ENG"]
[SourceTitle "BritBase"]
[Source "John Saunders"]
[SourceDate "2015.11.12"]
[SourceVersion "1"]
[SourceVersionDate "2015.11.12"]
[SourceQuality "1"]

1. e4 e5 2. Nf3 Nc6 3. Bb5 a6 4. Bxc6 dxc6 5. O-O f6 6. d4 Bg4 7. dxe5 Qxd1 8. Rxd1 fxe5 9. Rd3 Bd6 10. Nbd2 Nf6 11. b3 O-O-O 12. Bb2 Nd7 13. Nc4 Nc5 14. Re3 Bxf3 15. Rxf3 Rhe8 16. Re1 Rd7 17. Rh3 h6 18. Rh5 Rde7 19. f3 Nd7 20. Rd1 Re6 21. g4 b5 22. Nxd6+ cxd6 23. Ba3 Nf6 24. Rh3 d5 25. exd5 Nxd5 26. Re1 e4 27. fxe4 Rxe4 28. Rxe4 Rxe4 29. Rg3 Ne3 30. Bf8 Rxg4 31. Rxg4 Nxg4 32. Bxg7 h5 33. Bd4 Kd7 34. h3 Nh6 35. Bc5 Ke6 36. Kf2 Nf5 37. Kf3 Ke5 38. c3 Nh4+ 39. Kg3 Nf5+ 1/2-1/2

[Event "Hampshire Open"]
[Site "Eastleigh"]
[Date "2015.11.07"]
[Round "3"]
[White "Stimpson, Philip M"]
[Black "Heath, David R"]
[Result "1/2-1/2"]
[WhiteElo "1984"]
[BlackElo "1896"]
[PlyCount "80"]
[EventDate "2015.11.06"]
[EventType "swiss"]
[EventRounds "6"]
[EventCountry "ENG"]
[SourceTitle "BritBase"]
[Source "John Saunders"]
[SourceDate "2015.11.12"]
[SourceVersion "1"]
[SourceVersionDate "2015.11.12"]
[SourceQuality "1"]

1. e4 d5 2. exd5 Nf6 3. Nc3 Bg4 4. Be2 Bxe2 5. Qxe2 a6 6. Qf3 Nbd7 7. Nge2 Nb6 8. O-O Nbxd5 9. Nxd5 Qxd5 10. Qxd5 Nxd5 11. d4 O-O-O 12. a3 e6 13. c4 Nf6 14. Be3 Be7 15. h3 h6 16. Nc3 g5 17. Rfd1 Rhg8 18. b4 Nh5 19. Rac1 f5 20. d5 e5 21. g4 fxg4 22. hxg4 Nf4 23. Bxf4 gxf4 24. f3 h5 25. Kf2 hxg4 26. fxg4 Rxg4 27. Rg1 Bh4+ 28. Kf3 Rg3+ 29. Rxg3 Bxg3 30. Ne4 Bh4 31. Rh1 Be7 32. Rh5 b5 33. Rxe5 Bd6 34. Nxd6+ cxd6 35. Re4 Rh8 36. cxb5 axb5 37. Kxf4 Rh5 38. Rd4 Rh4+ 39. Ke3 Rh3+ 40. Ke4 Rh4+ 1/2-1/2

[Event "Hampshire Open"]
[Site "Eastleigh"]
[Date "2015.11.07"]
[Round "4"]
[White "Bird, Tom"]
[Black "Brown, Rowan M"]
[Result "0-1"]
[WhiteElo "1928"]
[BlackElo "2296"]
[PlyCount "90"]
[EventDate "2015.11.06"]
[EventType "swiss"]
[EventRounds "6"]
[EventCountry "ENG"]
[SourceTitle "BritBase"]
[Source "John Saunders"]
[SourceDate "2015.11.12"]
[SourceVersion "1"]
[SourceVersionDate "2015.11.12"]
[SourceQuality "1"]

1. Nf3 Nf6 2. g3 g6 3. d4 Bg7 4. Bg2 O-O 5. O-O d6 6. a4 c6 7. a5 Bf5 8. Nh4 Bg4 9. h3 Bd7 10. e4 Na6 11. Nc3 Qc7 12. Be3 c5 13. d5 b5 14. f4 b4 15. Nb1 Bb5 16. Re1 Rad8 17. Nd2 Nd7 18. Qc1 c4 19. Ndf3 Nac5 20. Nd4 a6 21. b3 Rc8 22. bxc4 Bxc4 23. Nc6 Nf6 24. Rb1 e6 25. Nxb4 exd5 26. exd5 Rfe8 27. Bd4 Qxa5 28. Qb2 Ncd7 29. c3 Rb8 30. Qf2 Qc7 31. Ra1 a5 32. Nc6 Ra8 33. Rxe8+ Rxe8 34. Nxa5 Bxd5 35. Bxd5 Nxd5 36. Bxg7 Kxg7 37. Qd4+ N7f6 38. g4 Qc5 39. Nf3 Nxf4 40. Qxc5 dxc5 41. Nb7 Re3 42. Nd2 Rxc3 43. Nd6 Nxh3+ 44. Kg2 Nf4+ 45. Kf1 Nxg4 0-1

[Event "Hampshire Open"]
[Site "Eastleigh"]
[Date "2015.11.07"]
[Round "4"]
[White "Bogdan, Horia"]
[Black "Corkett, Anthony R"]
[Result "1-0"]
[WhiteElo "1976"]
[BlackElo "2320"]
[PlyCount "119"]
[EventDate "2015.11.06"]
[EventType "swiss"]
[EventRounds "6"]
[EventCountry "ENG"]
[SourceTitle "BritBase"]
[Source "John Saunders"]
[SourceDate "2015.11.12"]
[SourceVersion "1"]
[SourceVersionDate "2015.11.12"]
[SourceQuality "1"]

1. d4 Nf6 2. Bg5 c6 3. Bxf6 gxf6 4. c4 d6 5. g3 h5 6. Nf3 Qb6 7. Qc2 Na6 8. Nc3 h4 9. O-O-O hxg3 10. fxg3 Nb4 11. Qb3 Bh6+ 12. Kb1 d5 13. a3 Na6 14. Qxb6 axb6 15. cxd5 Be3 16. Ne1 c5 17. Nc2 Bf5 18. Bg2 cxd4 19. Be4 dxc3 20. Bxf5 Bc5 21. bxc3 Nc7 22. Ka2 Nb5 23. Bd3 Nc7 24. Be4 Nb5 25. Kb3 Nd6 26. Bd3 Kd7 27. a4 Rh5 28. h4 Rg8 29. Bb5+ Nxb5 30. axb5 Rxg3 31. Nd4 Bxd4 32. Rxd4 Re3 33. Rh2 Kd6 34. Kc4 f5 35. Rf2 f6 36. Rdf4 Re5 37. Rd4 Re4 38. Rh2 Rg4 39. e3 Ke5 40. Rh3 Rxd4+ 41. exd4+ Kf4 42. Kd3 Kg4 43. Re3 Rh7 44. Re6 Rxh4 45. Rxe7 Rh3+ 46. Re3 Rh7 47. Re6 Rh3+ 48. Kd2 Kg5 49. Rxb6 Rh7 50. Re6 f4 51. d6 Rh2+ 52. Re2 Rh8 53. c4 f3 54. Rf2 Kf4 55. c5 Ke4 56. d7 Rg8 57. c6 bxc6 58. bxc6 Rg2 59. Kc3 Rxf2 60. d8=Q 1-0

[Event "Hampshire Open"]
[Site "Eastleigh"]
[Date "2015.11.07"]
[Round "4"]
[White "Stimpson, Philip M"]
[Black "Fowler, David"]
[Result "1/2-1/2"]
[WhiteElo "1984"]
[BlackElo "2008"]
[PlyCount "105"]
[EventDate "2015.11.06"]
[EventType "swiss"]
[EventRounds "6"]
[EventCountry "ENG"]
[SourceTitle "BritBase"]
[Source "John Saunders"]
[SourceDate "2015.11.12"]
[SourceVersion "1"]
[SourceVersionDate "2015.11.12"]
[SourceQuality "1"]

1. e4 e5 2. Nf3 Nc6 3. d4 exd4 4. Nxd4 Nf6 5. Nxc6 bxc6 6. e5 Qe7 7. Qe2 Nd5 8. c4 Nb6 9. Nc3 d5 10. exd6 Qxe2+ 11. Bxe2 Bxd6 12. Be3 Be5 13. O-O-O O-O 14. Bc5 Bf4+ 15. Kc2 Bf5+ 16. Bd3 Bxd3+ 17. Rxd3 Rfd8 18. Rhd1 Rxd3 19. Rxd3 Bg5 20. Ne4 Bh6 21. b3 f5 22. Nd2 Re8 23. g3 Bg5 24. f4 Bf6 25. Nf3 Re2+ 26. Rd2 Rxd2+ 27. Kxd2 a6 28. Bd4 Be7 29. Be5 Nd7 30. Bxc7 Bf6 31. Ke3 Kf7 32. Nd4 Bxd4+ 33. Kxd4 Ke6 34. c5 Nf6 35. Be5 Ng4 36. Bxg7 Nxh2 37. Ke3 Kd5 38. Bf8 Ng4+ 39. Kf3 Nf6 40. Bd6 h5 41. Kg2 Ne4 42. Kh3 Ke6 43. Kh4 Kf6 44. b4 Kg6 45. a4 Nc3 46. b5 axb5 47. a5 b4 48. a6 Nb5 49. Be5 b3 50. Bb2 Na7 51. Kh3 Kf7 52. Kh4 Kg6 53. Kh3 1/2-1/2

[Event "Hampshire Open"]
[Site "Eastleigh"]
[Date "2015.11.07"]
[Round "4"]
[White "Heath, David R"]
[Black "Chapman, Matt"]
[Result "0-1"]
[WhiteElo "1896"]
[BlackElo "1896"]
[PlyCount "88"]
[EventDate "2015.11.06"]
[EventType "swiss"]
[EventRounds "6"]
[EventCountry "ENG"]
[SourceTitle "BritBase"]
[Source "John Saunders"]
[SourceDate "2015.11.12"]
[SourceVersion "1"]
[SourceVersionDate "2015.11.12"]
[SourceQuality "1"]

1. d4 d5 2. Nf3 Nf6 3. e3 Bf5 4. c4 c6 5. cxd5 cxd5 6. Qb3 Qc7 7. Nc3 e6 8. Bd2 Nc6 9. Rc1 Be7 10. Be2 O-O 11. O-O a6 12. Nh4 Bg6 13. Nxg6 hxg6 14. f3 Rae8 15. Na4 Nd7 16. a3 Qb8 17. Qd1 b5 18. Nc3 Nb6 19. b4 Nc4 20. Ra1 Qb6 21. Bxc4 bxc4 22. Na4 Qa7 23. Bc3 Rb8 24. Qd2 Rb5 25. Nc5 Rbb8 26. Kh1 Bxc5 27. dxc5 Qd7 28. Rfd1 Rfd8 29. f4 Rb7 30. Rab1 Rdb8 31. e4 Rd8 32. Qe2 Na7 33. Be5 Nb5 34. a4 Na7 35. Bd6 Qxa4 36. exd5 exd5 37. Rxd5 Rxb4 38. Rbd1 Nc8 39. h3 Nxd6 40. Qe7 Rd7 41. cxd6 c3 42. Rc1 Rxe7 43. dxe7 Re4 44. Rd8+ Kh7 0-1